Handbook of Separation Process Technology /
Contenido: 1. Principios generales: Equilibrio de fase; Principios de trasferencia de masa; Fase de segregación; Consideraciones generales de procesos. 2. Procesos individuales de separación: Destilación; Absorción; Extracción en procesos químicos orgánicos; Extracción en procesos de metales; Lixivi...
Gorde:
| Egile nagusia: | |
|---|---|
| Formatua: | Liburua |
| Hizkuntza: | ingelesa |
| Argitaratua: |
Nueva York, EUA :
Wiley,
1987, c1987
|
| Gaiak: | |
| Etiketak: |
Etiketarik gabe, Izan zaitez lehena erregistro honi etiketa jartzen!
|
MARC
| LEADER | 00000nam^a2200000^a^4500 | ||
|---|---|---|---|
| 001 | 000167426 | ||
| 005 | 20250521000000.0 | ||
| 009 | 20260310101127.259 | ||
| 020 | |a 0-471-89558-X | ||
| 037 | |a Acervo ITESO - Biblioteca | ||
| 041 | |a ING | ||
| 082 | |a 660. 2842 |b ROU | ||
| 100 | |a Rousseau, Ronald W. |e (ed.) | ||
| 245 | 1 | 0 | |a Handbook of Separation Process Technology / |c Ed. de R.W. Rousseau. |
| 264 | 4 | |a Nueva York, EUA : |b Wiley, |c 1987, c1987 | |
| 300 | |a XIV, 1010 p. | ||
| 336 | |a texto |b txt |2 rdacontenido | ||
| 337 | |a sin mediación |b n |2 rdamedio | ||
| 338 | |a volumen |b nc |2 rdasoporte | ||
| 520 | |a Contenido: 1. Principios generales: Equilibrio de fase; Principios de trasferencia de masa; Fase de segregación; Consideraciones generales de procesos. 2. Procesos individuales de separación: Destilación; Absorción; Extracción en procesos químicos orgánicos; Extracción en procesos de metales; Lixiviación en metales; Lixiviación en materiales orgánicos; Operaciones de cristalización; Adsorción; Intercambio iónico; Cromatografía de escala larga; Separación de procesos basados en la reacción química compleja; Separaciones de burbuja y de espuma para flotación de minerales; Separaciones de burbuja y de espuma para el tratamiento de los desechos; Ultrafiltración y osmosis inversa; Avances recientes en tecnología de membrana líquida; Separación de mezclas gaseosas usando membranas de polímeros; Procesos de membrana para diálisis y electrodiálisis; Selección de procesos de separación. | ||
| 649 | |a XX | ||
| 650 | |a Separación (Tecnología) | ||
| 650 | |a Operaciones Unitarias | ||
| 650 | |a Transferencia de Masa | ||
| 650 | |a Ingeniería Química | ||
| 910 | |a Fondo General | ||
| 920 | |a Impresos - Libros | ||
| 930 | |a Colección General | ||
| 905 | |a 101 | ||
| 901 | |a 0500102985 |b IT1 |c ACC |u 20250521 | ||
| 902 | |a https://opac.biblio.iteso.mx/vufind/Record/000167426 | ||